MDQL
is popping MORE tags! Check the
thread
!
Quizzes
Events
Quiz Creation
Community
Videos
Private Events
Remove Ads
Sign In
Join for FREE
Feedback
Dark Mode
Quiz Categories
Sports
Geography
Music
Movies
Television
Just For Fun
Miscellaneous
History
Literature
Language
Science
Gaming
Entertainment
Religion
Holiday
For Kids
Quiz Lab
Recent
Popular Today
Quiz Kudos Today
Editor Picks
Curator Picks
Quizzes by...
Day
Popularity
Type
Ratings
Length
Year
Community
Subscriptions
Recent Discussions
Orange Saloon
Badges
Playlists
Quests
Create
Leaderboards
Showdown
Live 5
Trivia Bingo
Activity
Puzzle Library
Sporcle Events
Private Events
Virtual Trivia
Globe League
Become a Host
Pub Owners
SporcleCon
Opinionation
Our Games
Videos
Blog
Mobile Apps
Partnerships
Remove Ads and Go Orange
Feedback
Sports
Athletes
MLB
NBA
NHL
NFL
Soccer
Sports Teams
WWE
NCAA
Football
Premier League
Basketball
Baseball
Hockey
Golf
Tennis
Cricket
Rugby
Auto Racing
Olympics
World Cup
Sports
Athletes
MLB
NBA
NHL
NFL
Soccer
Sports Teams
WWE
NCAA
Football
Premier League
Basketball
Baseball
Hockey
Golf
Tennis
Cricket
Rugby
Auto Racing
Olympics
World Cup
Random Quiz
Search Sporcle
×
Quiz Lab
Quiz Lab
Sports
Cricket
Type in answers that appear in a list
Type in answers that appear in a list
Classic
Best Score? Go Orange.
Most Test Fifties Stats
Can you name the cricketers with the most test fifties?
By
superlamps
15m
51 Questions
588 Plays
588 Plays
588 Plays
Comments
Comments
Give Quiz Kudos
Give Quiz Kudos
-
- Ratings
hide this ad
Forced Order
Answers have to be entered in order
Answers have to be entered in order
Replay
Link that replays current quiz
Next Quiz
Link to next quiz in quiz playlist
You Got
0%
They Got
Avg Score
57%
Avg Friend Score
Upgrade to see
Score Distribution
Jump to the score distribution portion of the page
Score
0/51
Timer
15:00
0
Plays Today
Fifties
Cricketer
% Correct
119
Sachin Tendulkar
99.3%
103
Jacques Kallis
93.5%
103
Ricky Ponting
93.4%
99
Rahul Dravid
92.3%
90
Alastair Cook
89.9%
90
Kumar Sangakkara
88.2%
82
Brian Lara
87.9%
96
Shivnarine Chanderpaul
87.1%
84
Mahela Jayawardene
83.6%
82
Steve Waugh
79.9%
90
Allan Border
78.4%
79
Sunil Gavaskar
78.2%
69
Viv Richards
75.3%
73
VVS Laxman
73.6%
69
Hashim Amla
72.9%
65
Graeme Smith
65.8%
67
Younis Khan
64.2%
67
Mark Waugh
62.2%
68
Ian Bell
61.5%
66
Graham Gooch
60.3%
89
Joe Root
56.6%
66
Javed Miandad
56%
59
Matthew Hayden
55.5%
71
Inzamam-ul-Haq
53%
58
Kevin Pietersen
51.8%
64
Geoffrey Boycott
50.1%
Fifties
Cricketer
% Correct
62
Michael Atherton
49.9%
69
Steve Smith
48.2%
54
Cheteshwar Pujara
48%
55
Virender Sehwag
47.9%
55
Stephen Fleming
47.5%
54
Azhar Ali
46.8%
60
Alec Stewart
46.2%
58
Clive Lloyd
46%
68
AB de Villiers
45.7%
57
David Gower
44.5%
55
Michael Clarke
44.1%
54
Angelo Mathews
44%
57
Desmond Haynes
43.4%
59
Mark Taylor
42.4%
55
Gary Kirsten
42.4%
57
Mohammad Yousuf
41.1%
56
Garfield Sobers
40.2%
60
Colin Cowdrey
33.9%
55
Greg Chappell
33.4%
55
Graham Thorpe
29.8%
61
Kane Williamson
28.9%
58
Virat Kohli
28.6%
54
Ross Taylor
25.6%
55
Ken Barrington
25.6%
60
David Warner
17.2%
Quiz Playlist
Details
Report
Send in Message
Add To Playlist
Classic:
Type in answers that appear in a list
Forced Order:
Answers have to be entered in order
Last Updated: Jul 25, 2023
Quiz Scoreboard
CHALLENGE
Sign Up to Join the Scoreboard
Show All
Scores
Hide
Comments
May contain spoilers
Recently Published
Street Fighter Characters
by Artimus82
Gaming
60s
9x9 Crossword: Cartoon Network
by jackfrog10
Miscellaneous
3m
College Basketball Coaching Resumes
by pancakes188
Sports
9m
More to Explore
Quiz From the Vault
Featured Blog Post
Where Did the Easter Bunny Come From?
hide this ad
You Might Also Like...
Tags
Cricket Quiz
50
Australia Cricket
Class Cricketers
County Cricket
Cricketer
England Cricket
IPL Cricket
Most Runs
Run Scorers
Runs Scored
Test Cricket
Today's Top Quizzes in Sports
Browse Sports
hide this ad
Today's Top Quizzes in Cricket
Browse Cricket
Top Contributed Quizzes in Sports
1
2022 World Cup Stars
2
Les meilleurs buteurs des matchs entre le PSG et l’OM
3
FIFA Club World Cup Champions
4
Les entraîneurs de l'OM et du PSG au 21e siècle
5
Criteria MLB: Left Handed Sluggers
6
2023 MLB Unique Player Accomplishments
7
AFC Teams Reveal (Wrong Answers Minefield)
8
Players with Multiple 50 Home Run Seasons
9
5-to-1: FBS Animal Nicknames
10
5-to-1: UK Sports Teams
Explore More
Trending Topics
Anime
NBA
Crossword
Disney
Harry Potter
Kpop
Marvel
NFL
Country
Puzzle
The Office
Soccer
WWE
Pokémon
Song
hide this ad
More By:
superlamps
Quiz
Plays
Rating
Category
Featured
Created
England Test Cricket Debuts Since 1960
7,488
5.00
Sports
May 19, 2018
Most Test Hundreds In Career
1,854
5.00
Sports
Jan 10, 2018
ODI Most Runs
1,584
4.33
Sports
Jun 29, 2016
Most ODI wickets
1,300
5.00
Sports
Aug 15, 2017
Most ODI wickets for England
1,041
5.00
Sports
Sep 1, 2016
Go to Creator's Profile
Score Distribution
Quiz Creator Spotlight
superlamps
Follow
Send a Message
Quizzes Created
-
Created Quiz Play Count
-
More By This Creator
Popular Quizzes Today
1
Find the US States - No Outlines Minefield
2
Find the Countries of Europe - No Outlines Minefield
3
The Countries of the World
4
Find the US States
5
Risky Map Clicking: Biggest States A-Z
6
US States
7
Popular People in 1961
8
Movies - When Are They Set?
More Sports Quizzes
MLB most home runs by 2 teammates N.L. (2000-2023)
Quiz Lab
Trending Quizzes
Risky Map Clicking: Least Populous States A-Z
1-10 Letter G Words
Risky Map Clicking: Next State Alphabetically
Adjectives in 80s TV Shows
The Seven Year Switch: Catherine
Recently Updated
Leaping Animals
pecheneg
Reality TV Shows (A-Z)
bhenderson79
Rickey Henderson's Hall of Fame Teammates
pecheneg
Champions League XIs: Arsenal
pecheneg
Quick Pick: Celebrities in WWE's Hall of Fame
aduchscher
A-Z Keypad Blitz II
pecheneg
Multiple Oscar Actors
pecheneg
Mystery Phrase Blitz: Oscar 'Best Actors'
pecheneg
F. Scott Fitzgerald Novels
LTH
Pick 3 Villains
ddd62291
Trending Topics
Kpop
Anime
Harry Potter
Disney
NBA
Crossword
Marvel
Song
Country
NFL
Pokémon
WWE
Soccer
Puzzle
The Office
Your Account Isn't Verified!
In order to create a playlist on Sporcle, you need to verify the email address you used during registration. Go to your
Sporcle Settings
to finish the process.
Report this User
Report this user for behavior that violates our
Community Guidelines
.
Details:
Send Report
Go to the Sporcle.com Mobile Site →
Comments